The legacy of John Lennon : charming or harming a generation? /

Bibliographic Details
Main Author: Noebel, David A.
Format: Book
Language:English
Published: Nashville : T. Nelson, [1982]
Subjects:

MARC

Tag First Indicator Second Indicator Subfields
LEADER 00000cam a2200000 a 4500
001 in00000011746
005 20151007051703.0
008 821005s1982 tnu b 00110 eng
010 |a  82018916  
020 |a 0840757867 (pbk.) :  |c $4.95 
020 |a 0840741065 (hard) :  |c $9.95 
035 |a (OCoLC)08928112 
035 |9 AAA4291AM 
040 |a DLC  |c DLC  |d m/c  |d TXA  |d UtOrBLW 
049 |a TXAM  |c [A11461452] 
050 0 0 |a ML3534  |b .N63 1982 
082 0 |a 175/.2  |2 19 
100 1 |a Noebel, David A. 
245 1 4 |a The legacy of John Lennon :  |b charming or harming a generation? /  |c by David A. Noebel. 
264 1 |a Nashville :  |b T. Nelson,  |c [1982] 
264 4 |c ©1982 
300 |a 163 pages ;  |c 21 cm. 
336 |a text  |b txt  |2 rdacontent 
337 |a unmediated  |b n  |2 rdamedia 
338 |a volume  |b nc  |2 rdacarrier 
504 |a Includes bibliographical references and index. 
650 0 |a Rock music  |x Moral and ethical aspects. 
600 1 |a Lennon, John,  |d 1940-1980. 
999 |a MARS 
999 f f |s e292f3a5-c3d3-391f-ae54-594b102014dc  |i 03ff316f-a7ff-3c84-87f6-ff787fde4f0a  |t 0 
952 f f |p ric  |a Texas A&M University  |b Rellis Campus  |c Joint Library Facility  |d Remote Storage  |t 0  |e ML3534 .N63 1982  |h Library of Congress classification  |i unmediated -- volume  |m A14811461452 
998 f f |a ML3534 .N63 1982  |t 0  |l Remote Storage